Sports Quiz

Random Sports or Soccer Quiz

Premier League Teams Never Relegated Quiz Stats

 Plays Quiz Updated May 10, 2019

Score 0/8 Timer 02:00
29 Plays Today
% Correct
Manchester United
98%
Arsenal
97.2%
Chelsea
95.5%
Liverpool
95.3%
Tottenham Hotspur
90.5%
Everton
89.7%
Brighton & Hove Albion
35.2%
Bournemouth
35%

You're not logged in!

Compare scores with friends on all Sporcle quizzes.
OR
Log In

Show Comments

Extras

Top Quizzes Today


Score Distribution

Your Account Isn't Verified!

In order to create a playlist on Sporcle, you need to verify the email address you used during registration. Go to your Sporcle Settings to finish the process.

Report this User

Report this user for behavior that violates our Community Guidelines.

Details: